| 000 | 00682cam a22002292 4500 | ||
|---|---|---|---|
| 001 | 0000003729 | ||
| 005 | 20151217151931.0 | ||
| 008 | 070514s xx 000 0 eng d | ||
| 020 |
_a0.863115675 : _cKES 22.95 |
||
| 040 |
_aKABU _cKABU |
||
| 050 | 0 |
_aQC125.2 _b.R43 |
|
| 100 | 1 |
_aReddy, K. Rama. _@0000153834 |
|
| 245 | 1 | 0 |
_aElements of mechanics / _cK. Rama Reddy, S. Baghavan, D. V. N. Sarma. |
| 260 |
_aLondon : _bSangam Books, _c1995. |
||
| 300 | _avi, 340 p. | ||
| 650 | 0 |
_aMechanics. _@0000024001 |
|
| 700 | 1 |
_aBaghavan, S. _@0000153835 |
|
| 700 | 1 |
_aSarma, D. V. N. _@0000153836 |
|
| 908 | _a070514 | ||
| 950 | _@1 | ||
| 999 |
_c6478 _d6478 |
||